| 000 | 00465nam a22001337a 4500 | ||
|---|---|---|---|
| 008 | 170214b xxu||||| |||| 00| 0 eng d | ||
| 050 | _aJQ2929.A8 O74 2005 | ||
| 245 |
_aConstitution of the Zimbabwe African National Union Patriotic Front ZANU PF _c ZANU PF |
||
| 260 |
_aHarare _bZANU PF _c2005 |
||
| 300 |
_a74p. ; _c21cm. |
||
| 650 |
_aZANU-PF (Organization: Zimbabwe) _xConstitution _928832 |
||
| 650 |
_aZimbabwe _xPolitics _y1980- _917606 |
||
| 942 |
_2lcc _cMONOGRAPH |
||
| 999 |
_c126121 _d126121 |
||